000 00434nam a22001577a 4500
005 20231109085735.0
008 231109b |||||||| |||| 00| 0 eng d
041 _aEnglish
082 _a346.2 LAW
100 _avan Rensburg, ADJ
_lEnglish
245 _aLaw of Contract /
_cADJ van Rensburg
260 _c1994
300 _b64 pages ;
_c30 cm.
650 _aLegal practice
_bLaw
942 _cBK
_6ALISON_BN_VRIES
999 _c463
_d463